[Event "ch-FRA Blitz Online Qual"]
[Site "Europe-Chess INT"]
[Date "2020.05.16"]
[Round "12"]
[White "Genot, Jean-Paul"]
[Black "Gabino, Karl"]
[Result "1/2-1/2"]
[WhiteElo "1673"]
[BlackElo "1331"]
[WhiteFideId "45150940"]
[BlackFideId "45135886"]
[EventDate "2020.05.16"]

1. e4 e5 2. Nf3 Nc6 3. d4 exd4 4. Bc4 d5 5. Bxd5 Nf6 6. Bg5 Be7 7. O-O Bg4 8. h3
Bh5 9. Bxc6+ bxc6 10. Qd3 O-O 11. Ne5 Qd6 12. Bf4 Qe6 13. Nd2 c5 14. b3 Bd6 15.
Ndc4 Nd7 16. Nxd7 Qxd7 17. e5 Bg6 18. Qf3 Be7 19. Qe2 Qf5 20. Bg3 Qxc2 21. Qxc2
Bxc2 22. Rac1 Bd3 23. Rfd1 Bxc4 24. Rxc4 c6 25. Rdc1 Rad8 26. f4 d3 27. Rd1 f6
28. Be1 fxe5 29. fxe5 Rf5 30. Re4 Rd5 31. Bc3 Kf7 32. g4 Rg5 33. Kg2 h5 34. h4
Rxg4+ 35. Rxg4 hxg4 36. Kg3 Ke6 37. Kxg4 Bf8 38. h5 Kf7 39. Kf4 g6 40. hxg6+
Kxg6 41. Ke4 Bg7 42. Rg1+ Kf7 43. e6+ Kxe6 44. Rxg7 d2 45. Rg6+ Kf7 46. Rg7+ Kf8
47. Bxd2 Rxd2 48. Rc7 Rxa2 49. Rxc6 Rb2 50. Rxc5 Rxb3 51. Ra5 Rb7 52. Kd4 Ke8
53. Kc5 Kd8 54. Ra6 Kc8 55. Kc6 Kb8 56. Ra5 Rc7+ 57. Kd5 Kb7 58. Rc5 Rd7+ 59.
Kc4 a6 60. Kb3 Kb6 61. Rf5 Ra7 62. Ka4 Kc6 63. Rf6+ Kc5 64. Rf5+ Kc4 65. Ka5 Kb3
66. Rf6 Kc3 67. Rxa6 Rxa6+ 68. Kxa6 1/2-1/2

[Event "ch-FRA Blitz Online Qual"]
[Site "Europe-Chess INT"]
[Date "2020.05.16"]
[Round "12"]
[White "Azizyan, Rafayel"]
[Black "Gouja, Wissem"]
[Result "1/2-1/2"]
[WhiteElo "1667"]
[BlackElo "1346"]
[WhiteFideId "651016931"]
[BlackFideId "551013800"]
[EventDate "2020.05.16"]

1. e4 e5 2. Nf3 Nc6 3. d4 exd4 4. Nxd4 Bc5 5. Nb3 Bb6 6. Nc3 Nf6 7. Qe2 O-O 8.
Be3 d5 9. exd5 Nxd5 10. O-O-O Nxc3 11. bxc3 Qf6 12. Bd4 Nxd4 13. cxd4 Bf5 14. f3
Rad8 15. g4 Bg6 16. h4 h6 17. Qc4 Qxf3 18. Be2 Qe3+ 19. Kb1 a5 20. h5 Bh7 21.
Rhe1 Rd6 22. Bd3 Bxd3 23. cxd3 Qg5 24. Re4 Rfd8 25. Rf1 Rf6 26. Rxf6 Qxf6 27.
Kb2 a4 28. Qxa4 Qf3 29. Re8+ Rxe8 30. Qxe8+ Kh7 31. Qe4+ Qxe4 32. dxe4 g6 33.
Kc3 gxh5 34. gxh5 Kg7 35. Nc5 Kf6 36. Nxb7 Kg5 37. a4 Kxh5 38. a5 Ba7 39. Nc5
Kg4 40. Kd3 h5 41. e5 h4 42. Ne4 h3 43. Ke3 h2 44. a6 h1=Q 45. Nf2+ Kg3 46.
Nxh1+ Kg2 47. Nf2 Kg3 48. Ne4+ Kg4 49. Nf6+ Kf5 50. Ne8 Bb6 51. Kd3 Ke6 52. Ng7+
Kd5 53. Nf5 Ke6 54. Nh6 f6 55. exf6 Kxf6 56. Ng4+ Kf5 57. Ne5 Ke6 58. Nc4 Ba7
59. Ke4 Kd7 60. Kd5 c6+ 61. Ke5 Bb8+ 62. Ke4 Ke6 63. Na5 Kd7 64. Kd3 Kd6 65. Kc4
Kd7 66. Nb7 Ba7 67. Nc5+ Kd6 68. Nb7+ Kc7 69. Na5 Kb6 70. Nxc6 Kxc6 71. d5+ Kd6
72. Kb5 Kxd5 73. Kb4 Kc6 74. Kb3 Kb6 75. Kc4 Kxa6 1/2-1/2

[Event "ch-FRA Blitz Online Qual"]
[Site "Europe-Chess INT"]
[Date "2020.05.16"]
[Round "12"]
[White "Shved, Jakov"]
[Black "Gimenez, Adrien"]
[Result "1-0"]
[WhiteElo "1667"]
[BlackElo "1591"]
[WhiteFideId "45178194"]
[BlackFideId "36069094"]
[EventDate "2020.05.16"]

1. e4 d6 2. d4 Nf6 3. Nc3 g6 4. Nf3 Bg7 5. Be3 Nbd7 6. Qd2 Ng4 7. Bf4 e5 8. dxe5
dxe5 9. Bg3 c6 10. h3 Nh6 11. O-O-O Qc7 12. Bc4 b5 13. Bb3 Nc5 14. Nxe5 Bxe5 15.
Bxe5 Qxe5 16. Qd8# 1-0

[Event "ch-FRA Blitz Online Qual"]
[Site "Europe-Chess INT"]
[Date "2020.05.16"]
[Round "12"]
[White "Dincov, Ioan"]
[Black "El Baroudi Abderrahmane"]
[Result "1-0"]
[WhiteElo "1549"]
[BlackElo "1599"]
[WhiteFideId "45118612"]
[BlackFideId "9005382"]
[EventDate "2020.05.16"]

1. e4 e5 2. Nf3 Nc6 3. d4 exd4 4. Nxd4 Nf6 5. Nxc6 bxc6 6. e5 Qe7 7. Qe2 Nd5 8.
c4 Nb6 9. Nc3 Ba6 10. b3 Qe6 11. g3 g6 12. Bg2 Bg7 13. Bf4 O-O 14. O-O d5 15.
cxd5 Bxe2 16. dxe6 Bxf1 17. exf7+ Kh8 18. Bxc6 Ba6 19. Bxa8 Rxa8 20. e6 Bf6 21.
Be5 Bxe5 22. e7 1-0

[Event "ch-FRA Blitz Online Qual"]
[Site "Europe-Chess INT"]
[Date "2020.05.16"]
[Round "12"]
[White "Briand, Maxime"]
[Black "Nguyen, Theo"]
[Result "1-0"]
[WhiteElo "1662"]
[BlackElo "1309"]
[WhiteFideId "651016397"]
[BlackFideId "551068591"]
[EventDate "2020.05.16"]

1. d4 c6 2. c4 d5 3. Nf3 Bf5 4. Nc3 e6 5. e3 Nf6 6. Bd3 Bxd3 7. Qxd3 Bd6 8. O-O
O-O 9. b3 Nbd7 10. Bb2 e5 11. dxe5 Nxe5 12. Nxe5 Bxe5 13. Rad1 dxc4 14. Qxc4 Qc7
15. h3 Rfd8 16. a4 a6 17. f4 Bxc3 18. Bxc3 Nd5 19. Qd4 f6 20. Qc4 Kh8 21. Rfe1
Rac8 22. Kf2 Re8 23. g3 Qb6 24. Bd4 Qc7 25. b4 Nb6 26. Qb3 Nd5 27. Rc1 Qd7 28.
e4 Nc7 29. Qe3 Qxh3 30. Rh1 Qg4 31. e5 Nd5 32. Qf3 Qxf3+ 33. Kxf3 fxe5 34. Bxe5
h6 35. Rxh6+ Kg8 36. Rh2 Kf7 37. Rch1 Nf6 38. g4 Red8 39. g5 Rd3+ 40. Ke2 Rcd8
41. gxf6 Rd2+ 42. Kf3 R8d3+ 43. Kg4 Rxh2 44. Rxh2 gxf6 45. Bb2 Rb3 46. Kf5 Rxb4
47. Rh7+ Ke8 48. Bxf6 Rxa4 49. Be5 Kd8 50. Ke6 Kc8 51. Rh8# 1-0

[Event "ch-FRA Blitz Online Qual"]
[Site "Europe-Chess INT"]
[Date "2020.05.16"]
[Round "12"]
[White "Carme, Jeremie"]
[Black "Paralieu, Emma"]
[Result "1-0"]
[WhiteElo "1659"]
[BlackElo "1312"]
[WhiteFideId "45184593"]
[BlackFideId "45154163"]
[EventDate "2020.05.16"]

1. e4 e5 2. Nf3 Nc6 3. Bb5 a6 4. Ba4 b5 5. Bb3 Bc5 6. O-O Nf6 7. d3 h6 8. c3 Bb7
9. d4 exd4 10. cxd4 Bb6 11. e5 Ng8 12. Be3 Nge7 13. Nh4 O-O 14. f4 d6 15. e6 d5
16. exf7+ Rxf7 17. Nc3 Nf5 18. Nxf5 Rxf5 19. Qg4 Rf7 20. Bxd5 Qe7 21. Rae1 Qf6
22. f5 Rd8 23. Bxf7+ Qxf7 24. d5 Bxe3+ 25. Rxe3 Ne7 26. f6 Nxd5 27. Nxd5 Bxd5
28. Re7 Qf8 29. Rxg7+ Kh8 30. Qg6 Qc5+ 31. Kh1 Qf8 32. Qxh6# 1-0

[Event "ch-FRA Blitz Online Qual"]
[Site "Europe-Chess INT"]
[Date "2020.05.16"]
[Round "12"]
[White "Senegas, Pascal"]
[Black "Droulout, Paul"]
[Result "1-0"]
[WhiteElo "1654"]
[BlackElo "1176"]
[WhiteFideId "45102074"]
[BlackFideId "45109770"]
[EventDate "2020.05.16"]

1. Nf3 d5 2. c4 d4 3. e3 c5 4. b4 Nf6 5. bxc5 Nc6 6. Bb2 e5 7. exd4 exd4 8. d3
Bxc5 9. Be2 O-O 10. O-O b6 11. Nbd2 Re8 12. Nb3 Bb7 13. Nxc5 bxc5 14. Ba3 Qa5
15. Qb3 Rab8 16. Bc1 Rxe2 17. Bf4 Ree8 18. Rfe1 Ba8 19. Bxb8 Rxb8 20. Qd1 h6 21.
Qd2 Qxd2 22. Nxd2 Nb4 23. Rab1 Rd8 24. Re7 a5 25. Ra7 Nxd3 26. Rxa5 Re8 27. f3
Bc6 28. Ra6 Bd7 29. Nb3 Re5 30. Rd1 Nb2 31. Rb1 Re2 32. Nxc5 Bf5 33. Rf1 d3 34.
Nb3 d2 35. Rd6 Nxc4 36. Rd4 Be6 37. a4 Kh7 38. a5 Nd7 39. a6 Ndb6 40. a7 Ne3 41.
Nxd2 Nxf1 42. Kxf1 Re5 43. Rd6 Bd5 44. Rxb6 Re7 45. Ra6 Re8 46. Ne4 Ra8 47. Nc5 1-0

[Event "ch-FRA Blitz Online Qual"]
[Site "Europe-Chess INT"]
[Date "2020.05.16"]
[Round "12"]
[White "Brunet-Moret, Leopold"]
[Black "Mallevaey, Armand"]
[Result "0-1"]
[WhiteElo "1109"]
[BlackElo "1773"]
[WhiteFideId "551078201"]
[BlackFideId "36041424"]
[EventDate "2020.05.16"]

1. d4 d5 2. c4 c6 3. Nc3 Nf6 4. Bg5 dxc4 5. e3 Bf5 6. Bxc4 e6 7. Nf3 Nbd7 8. O-O
Bb4 9. Qb3 Qb6 10. Na4 Qa5 11. a3 Be7 12. Nc3 b5 13. Bd3 Bxd3 14. Rfd1 Bc4 15.
Qc2 h6 16. b4 Qb6 17. Bf4 Nd5 18. Nxd5 cxd5 19. Ne5 Nxe5 20. Bxe5 f6 21. Bf4 Rc8
22. Qd2 Kf7 23. Rac1 Bb3 24. Rf1 Rxc1 25. Rxc1 Bc4 26. Qc3 Qa6 27. Ra1 Rc8 28.
Qd2 h5 29. Bg3 g5 30. f4 g4 31. h3 f5 32. h4 Qa4 33. Bf2 Bb3 34. g3 Rc4 35. Qd3
Bxb4 36. Qb1 Bc2 37. axb4 Bxb1 38. Rxa4 bxa4 39. Kg2 Be4+ 40. Kh2 Rxb4 41. Be1
Rb2+ 42. Kg1 a3 43. Bc3 Rc2 44. Ba1 Rc1+ 0-1

[Event "ch-FRA Blitz Online Qual"]
[Site "Europe-Chess INT"]
[Date "2020.05.16"]
[Round "12"]
[White "Barbaggi, Sasha"]
[Black "Viennois, Romain"]
[Result "1/2-1/2"]
[WhiteElo "1375"]
[BlackElo "1981"]
[WhiteFideId "551018780"]
[BlackFideId "634204"]
[EventDate "2020.05.16"]

1. e4 c5 2. Nc3 Nc6 3. g3 g6 4. Bg2 Bg7 5. Nge2 e6 6. O-O Nge7 7. d3 O-O 8. Be3
d6 9. Qd2 b6 10. Bh6 Bb7 11. Bxg7 Kxg7 12. d4 cxd4 13. Nxd4 Nxd4 14. Qxd4+ Kg8
15. e5 Bxg2 16. Kxg2 d5 17. Nb5 Nc6 18. Qc3 Rc8 19. Nd6 Rc7 20. Nb5 Rc8 21. Nd6
Rc7 22. Nb5 Rc8 1/2-1/2

[Event "ch-FRA Blitz Online Qual"]
[Site "Europe-Chess INT"]
[Date "2020.05.16"]
[Round "12"]
[White "Zanin, Clement"]
[Black "Cocogne, Ludovic"]
[Result "0-1"]
[WhiteElo "1327"]
[BlackElo "1924"]
[WhiteFideId "36066869"]
[BlackFideId "644536"]
[EventDate "2020.05.16"]

1. e4 c5 2. Nc3 Nc6 3. Bc4 e6 4. f4 g6 5. f5 Bg7 6. Nf3 Nge7 7. O-O d5 8. exd5
exd5 9. Bb3 O-O 10. d3 Nxf5 11. Bxd5 Ncd4 12. Bc4 b6 13. Bd5 Rb8 14. Bf4 Nd6 15.
Nb5 N4xb5 16. c4 Nc7 17. Bc6 Ne6 18. Bxd6 Qxd6 19. Bd5 Bb7 20. Bxb7 Rxb7 21. Rb1
Nd4 22. Nxd4 Qxd4+ 23. Kh1 f5 24. Qf3 Re7 25. h3 Rfe8 26. Qg3 Qe5 27. Qf3 Qe3
28. Qd5+ Kh8 29. Qc6 Qxd3 30. b3 Qd7 31. Qf3 Re3 32. Qf4 Qd4 33. Qg5 Qe4 34.
Rbc1 Qe7 35. Qf4 Re2 36. a4 Qe4 37. Qg3 Qe3 38. Qc7 Qxb3 39. Qxa7 Qg3 40. Rg1
Be5 41. Qd7 Qh2# 0-1

[Event "ch-FRA Blitz Online Qual"]
[Site "Europe-Chess INT"]
[Date "2020.05.16"]
[Round "12"]
[White "Cornileau, Raphael"]
[Black "Frey, Thierry"]
[Result "1-0"]
[WhiteElo "1397"]
[BlackElo "1792"]
[WhiteFideId "45105790"]
[BlackFideId "1317709"]
[EventDate "2020.05.16"]

1. e4 c5 2. Nf3 d6 3. Nc3 a6 4. d4 cxd4 5. Nxd4 Nf6 6. Be3 e5 7. Nf3 Be7 8. Bc4
O-O 9. O-O b5 10. Be2 Bb7 11. Bd3 Nbd7 12. Re1 Rc8 13. Bg5 h6 14. Be3 Qc7 15.
Bd2 Nc5 16. Qe2 Ne6 17. Qd1 b4 18. Nb1 a5 19. c3 Nc5 20. Qc2 Nxd3 21. Qxd3 Qc5
22. cxb4 axb4 23. Be3 Qc2 24. Qxc2 Rxc2 25. b3 Rfc8 26. Nbd2 Ba6 27. Nf1 Bd3 28.
N3d2 Nxe4 29. Nxe4 Bxe4 30. Bxh6 Bxg2 31. Kxg2 gxh6 32. Ne3 R2c5 33. Nf5 Bg5 34.
Nxd6 Rd8 35. Nc4 Rd4 36. Rxe5 Rg4+ 37. Kf3 Rf4+ 38. Kg3 Rxe5 39. Nxe5 Kg7 40.
Nf3 Re4 41. Re1 Rxe1 42. Nxe1 Bd2 43. Nd3 Kf6 44. f3 Kf5 45. Kf2 f6 46. Ke2 Bc3
47. Kf2 Ke6 48. Nc5+ Kd5 49. Ne4 Ke5 50. Nxc3 bxc3 51. Ke3 Kd5 52. Kd3 c2 53.
Kxc2 Kc5 54. a4 Kb4 55. Kd3 f5 56. Ke3 Kxb3 57. a5 f4+ 58. Kxf4 1-0

[Event "ch-FRA Blitz Online Qual"]
[Site "Europe-Chess INT"]
[Date "2020.05.16"]
[Round "12"]
[White "Pothieux, Philippe"]
[Black "Anselin, Djavan"]
[Result "0-1"]
[WhiteElo "1796"]
[BlackElo "1499"]
[WhiteFideId "20606036"]
[BlackFideId "36080713"]
[EventDate "2020.05.16"]

1. d4 c6 2. c4 d5 3. Nc3 Nf6 4. Nf3 Bf5 5. e3 e6 6. b3 Bb4 7. Bd2 O-O 8. a3 Bxc3
9. Bxc3 Ne4 10. Bb2 Nd7 11. Bd3 Ndf6 12. O-O Bg6 13. Rc1 Rc8 14. Ne5 Nd7 15.
Nxg6 hxg6 16. f3 Nef6 17. Qd2 Qb6 18. b4 Qd8 19. Rfe1 dxc4 20. Bxc4 Nb6 21. Bf1
Qd7 22. Red1 Rfd8 23. Qe2 Qe7 24. Rd2 Nfd5 25. Rcd1 Qg5 26. Rd3 Na4 27. Ba1 Nab6
28. Rc1 Kh7 29. Rc5 Qh6 30. Bb2 Na4 31. Bc1 Nxc5 32. bxc5 Qh4 33. g3 Qe7 34. Rb3
Rb8 35. Qd3 Nc7 36. a4 Nd5 37. e4 Nf6 38. Be3 Qd7 39. Be2 Kg8 40. Qc4 Ne8 41.
Kg2 Nf6 42. Qb4 Qc8 43. Qa5 Ra8 44. Qb4 b6 45. cxb6 axb6 46. Qxb6 Rxa4 47. h4
Ra2 48. Kf2 Qd7 49. Qb4 Qc7 50. Qc4 Ra7 51. Rc3 Rc8 52. d5 exd5 53. exd5 Nxd5
54. Bxa7 Nxc3 55. Qxc3 Qxa7+ 56. Kg2 Qb6 57. Bc4 Qc7 58. Bb3 Re8 59. Qd3 Qe7 60.
Qxg6 Qe2+ 61. Kh3 Qf1+ 62. Kg4 Rf8 63. Qf5 Qa1 64. Qd3 Qb2 65. Bc4 Qb4 66. f4
Qd6 67. Kf3 Qxd3+ 68. Bxd3 Ra8 69. Ke4 Ra3 70. g4 c5 71. h5 Ra4+ 72. Kd5 Rxf4
73. Kxc5 Rxg4 74. Kd5 Rg5+ 75. Kd4 Rxh5 76. Be4 Rh4 77. Ke3 Rxe4+ 78. Kxe4 Kh7
79. Kf4 Kg6 80. Kg4 Kf6 0-1

[Event "ch-FRA Blitz Online Qual"]
[Site "Europe-Chess INT"]
[Date "2020.05.16"]
[Round "12"]
[White "Lovichi, Raphael"]
[Black "Kvashyna, Tetyana"]
[Result "1-0"]
[WhiteElo "1406"]
[BlackElo "1764"]
[WhiteFideId "45172935"]
[BlackFideId "641510"]
[EventDate "2020.05.16"]

1. e4 e5 2. Nf3 Nc6 3. Bc4 Bc5 4. d3 Nf6 5. O-O d6 6. Nc3 Bg4 7. h3 Bh5 8. Bg5
Nd4 9. Nd5 Nxf3+ 10. gxf3 h6 11. Bxf6 gxf6 12. Kh2 Rg8 13. Ne3 Bxe3 14. fxe3 Qd7
15. Qe2 O-O-O 16. Qf2 f5 17. Rg1 fxe4 18. fxe4 f5 19. exf5 Rxg1 20. Rxg1 Rf8 21.
e4 c6 22. Qh4 Qe8 23. Be6+ Kc7 24. Rg7+ Kb6 25. Qf2+ c5 26. Bd5 Bf7 27. Rxf7
Rxf7 28. Bxf7 Qxf7 29. a3 d5 30. Qg3 dxe4 31. Qg6+ Qxg6 32. fxg6 e3 33. Kg2 e2
34. Kf2 e1=Q+ 35. Kxe1 1-0

[Event "ch-FRA Blitz Online Qual"]
[Site "Europe-Chess INT"]
[Date "2020.05.16"]
[Round "12"]
[White "Levy, Kevin"]
[Black "Payet, Thomas"]
[Result "1-0"]
[WhiteElo "1740"]
[BlackElo "1356"]
[WhiteFideId "45128588"]
[BlackFideId "45151300"]
[EventDate "2020.05.16"]

1. e4 c5 2. d4 Nc6 3. d5 Nb8 4. f4 e6 5. d6 Qb6 6. e5 f6 7. Nf3 fxe5 8. fxe5 Nc6
9. Be2 Nh6 10. O-O Nf7 11. Ng5 Nxg5 12. Bxg5 Nxe5 13. Be7 Bxe7 14. dxe7 Ng6 15.
Bh5 d5 16. Qg4 e5 17. Qf3 Kxe7 18. Qf7+ Kd8 19. Qxd5+ Bd7 20. Nc3 Rf8 21. Bxg6
Rxf1+ 22. Rxf1 hxg6 23. Rf8+ Ke7 24. Rxa8 c4+ 25. Kf1 Bc6 26. Qxe5+ Kd7 27. Qe8+
Kd6 28. Qd8+ Qxd8 29. Rxd8+ Kc5 30. Rg8 Kb6 31. Rxg7 Kc5 32. Rxg6 Kb6 33. Rg5
Kc7 34. h4 Kd7 35. h5 Kc7 36. h6 Kd7 37. h7 Ke6 38. h8=Q Kd6 39. Qe5+ Kd7 40.
Nd5 Bxd5 41. Qxd5+ Kc7 42. Qxc4+ Kd8 43. Qf7 Kc8 44. Rg8# 1-0

[Event "ch-FRA Blitz Online Qual"]
[Site "Europe-Chess INT"]
[Date "2020.05.16"]
[Round "12"]
[White "Staune, Jean"]
[Black "Serieys, Philippe"]
[Result "1-0"]
[WhiteElo "1719"]
[BlackElo "1210"]
[WhiteFideId "26091631"]
[BlackFideId "36092576"]
[EventDate "2020.05.16"]

1. e4 c5 2. c3 Nc6 3. d4 cxd4 4. cxd4 e6 5. Nf3 Nge7 6. Be2 g6 7. O-O Bg7 8. Be3
O-O 9. Nc3 b6 10. a3 Bb7 11. Bd3 f5 12. e5 f4 13. Bd2 Nf5 14. Bxf5 Rxf5 15. Qc1
Rc8 16. Bxf4 Qf8 17. Be3 Ne7 18. Nh4 Rf7 19. Qd2 Nf5 20. Nxf5 Rxf5 21. Nb5 a6
22. Nd6 Rc6 23. Nxb7 Qc8 24. Nd6 Qc7 25. Nxf5 exf5 26. Rac1 Rxc1 27. Rxc1 Qd6
28. exd6 1-0

[Event "ch-FRA Blitz Online Qual"]
[Site "Europe-Chess INT"]
[Date "2020.05.16"]
[Round "12"]
[White "Coutton, Aurelien"]
[Black "Gratton, Manolo"]
[Result "0-1"]
[WhiteElo "1211"]
[BlackElo "1573"]
[WhiteFideId "45121443"]
[BlackFideId "551089157"]
[EventDate "2020.05.16"]

1. d4 Nf6 2. c4 e6 3. Nc3 d5 4. Nf3 c5 5. cxd5 exd5 6. Bg5 Bg4 7. Ne5 Be6 8. e3
a6 9. Qa4+ Nbd7 10. Qb3 b5 11. Nxd7 Qxd7 12. Bxf6 gxf6 13. dxc5 Bxc5 14. Rd1 Rd8
15. Ne4 Qe7 16. Nxc5 Qxc5 17. Be2 O-O 18. O-O Kh8 19. Rc1 Qd6 20. Qc3 Qe7 21.
Qd4 Rg8 22. Qf4 Rg6 23. Rc7 Qf8 24. Rfc1 Qg7 25. Bf3 Rg8 26. g3 f5 27. Bh5 Rh6
28. Bf3 Rg6 29. Bh5 Rg5 30. Bf3 Qxb2 31. R7c3 Qxa2 32. Qe5+ R5g7 33. Rc6 b4 34.
R6c2 Qa3 35. Qd4 b3 36. Rb2 a5 37. Rcb1 a4 38. Bd1 Ra8 39. Qf6 Qf8 40. Qc3 Rb8
41. Qa5 Ra8 42. Qc7 Rg8 43. Qe5+ Qg7 44. Qd6 Rgf8 45. Qa3 Qc3 46. Qd6 Rfd8 47.
Qf4 d4 48. exd4 Qxd4 49. Qf3 Qd3 50. Be2 Qxf3 51. Bxf3 a3 52. Rxb3 Bxb3 53. Bxa8
Rxa8 54. Ra1 a2 55. Kg2 Rc8 56. Kf3 Rc2 57. Ke3 Rb2 58. Kd3 Rb1 59. Rxa2 Bxa2
60. Kc2 Rf1 61. f4 Rf2+ 62. Kd3 Be6 63. Ke3 Rxh2 64. Kf3 Rb2 65. g4 Rb3+ 66. Kg2
fxg4 67. f5 Bxf5 68. Kh2 h5 69. Kh1 h4 70. Kh2 Rb2+ 71. Kh1 g3 72. Kg1 Bd3 73.
Kh1 h3 74. Kg1 Rb1# 0-1

[Event "ch-FRA Blitz Online Qual"]
[Site "Europe-Chess INT"]
[Date "2020.05.16"]
[Round "12"]
[White "Vernadet, Jacques"]
[Black "Kosciusko-Morizet, Antoine"]
[Result "0-1"]
[WhiteElo "1600"]
[BlackElo "1293"]
[WhiteFideId "665169"]
[BlackFideId "45166749"]
[EventDate "2020.05.16"]

1. e4 e5 2. f4 d6 3. Nf3 Nc6 4. c3 Bg4 5. Be2 Nf6 6. d3 Be7 7. h3 Bxf3 8. Bxf3
O-O 9. O-O Re8 10. Be3 d5 11. exd5 Nxd5 12. Qd2 exf4 13. Bxf4 Nxf4 14. Qxf4 Qxd3
15. Be4 Bc5+ 16. Kh1 Qxe4 17. Qxf7+ Kh8 18. Nd2 Qg6 19. Qxc7 Re2 20. g3 Rxd2 21.
Qf4 Qc2 22. Qf3 Rh2# 0-1

[Event "ch-FRA Blitz Online Qual"]
[Site "Europe-Chess INT"]
[Date "2020.05.16"]
[Round "12"]
[White "Kloss, Alexandre"]
[Black "Nomel, Mathis"]
[Result "1-0"]
[WhiteElo "1577"]
[BlackElo "1262"]
[WhiteFideId "36088617"]
[BlackFideId "36054399"]
[EventDate "2020.05.16"]

1. e4 c5 2. Nf3 d6 3. d4 cxd4 4. Nxd4 Nf6 5. Nc3 g6 6. Be3 Bg7 7. f3 O-O 8. Qd2
Nc6 9. O-O-O Nxd4 10. Bxd4 Be6 11. g4 Qa5 12. a3 b5 13. Nxb5 Qxd2+ 14. Rxd2 Bh6
15. Nc7 Bxg4 16. fxg4 Bxd2+ 17. Kxd2 Rac8 18. Nb5 Nxe4+ 19. Kd3 Nc5+ 20. Bxc5
Rxc5 21. Nc3 Rb8 22. b4 Rc7 23. Be2 Rbc8 24. Nd5 Rb7 25. c4 e6 26. Ne3 Kg7 27.
Bf3 Rbc7 28. Rc1 Rd8 29. c5 dxc5+ 30. Ke2 c4 31. Rxc4 Rxc4 32. Nxc4 Rd4 33. Na5
f6 34. Nc6 Rd7 35. Ke3 e5 36. h4 Rc7 37. Na5 Rc3+ 38. Ke4 Rxa3 39. Nc6 Ra6 40.
b5 Rb6 41. Be2 h6 42. Kd5 Rb7 43. Ke6 g5 44. hxg5 hxg5 45. Kf5 Kf7 46. Bc4+ Kg7
47. Ke6 Rc7 48. Kd6 Rb7 49. Na5 Rb6+ 50. Kc7 Kg6 51. Nc6 e4 52. Nxa7 Rb7+ 53.
Kxb7 e3 54. Be2 f5 55. Nc6 f4 56. Kc7 1-0

[Event "ch-FRA Blitz Online Qual"]
[Site "Europe-Chess INT"]
[Date "2020.05.16"]
[Round "12"]
[White "Joly, Charlotte"]
[Black "Dietrich, Antoine"]
[Result "0-1"]
[WhiteElo "1454"]
[BlackElo "1499"]
[WhiteFideId "36022292"]
[BlackFideId "679879"]
[EventDate "2020.05.16"]

1. d4 d5 2. Bf4 Nf6 3. e3 Bf5 4. Nf3 a6 5. h3 Nc6 6. c3 e6 7. Nbd2 Bd6 8. Bxd6
cxd6 9. Nh4 Bg6 10. Nxg6 hxg6 11. Be2 Qe7 12. Rc1 e5 13. dxe5 dxe5 14. Nb3 O-O
15. O-O Rad8 16. Qc2 Ne4 17. Rcd1 Qh4 18. Bf3 f5 19. Nd2 Rf7 20. Nb3 g5 21. c4
d4 22. exd4 exd4 23. Rfe1 Re7 24. Nd2 d3 25. Qb3 Nc5 26. Qa3 Qd4 27. Bxc6 Rxe1+
28. Rxe1 bxc6 29. Nf3 Qd6 30. Rd1 g4 31. hxg4 fxg4 32. Nh2 Qe5 33. Nxg4 Qe2 34.
Ne3 d2 35. Qxc5 Qe1+ 36. Rxe1 dxe1=Q+ 37. Kh2 Qd2 38. Qxc6 Qxf2 39. Qe6+ Kh8 40.
Qh3+ Kg8 41. Nd5 Qd4 42. Ne7+ Kf8 43. Nc6 Qf4+ 44. Qg3 Qxg3+ 45. Kxg3 Rc8 46.
Ne5 Rb8 47. Ng6+ Kf7 48. Nf4 Rxb2 49. Nd5 Rxa2 50. Kf4 a5 51. g4 Ke6 52. Ke4 a4
53. Kd4 a3 54. Nb4 Ra1 55. Kc3 a2 56. Kb2 Rg1 57. Kxa2 Rxg4 58. Kb3 g5 59. Kc3
Rg3+ 60. Kd2 Rg2+ 61. Ke3 g4 62. Nd5 Ke5 63. Nf4 Rg3+ 64. Kf2 Kxf4 65. c5 Rf3+
66. Kg2 g3 67. c6 Rf2+ 68. Kg1 Rc2 69. c7 Rxc7 70. Kf1 Rc2 71. Ke1 g2 72. Kd1
Ra2 73. Kc1 g1=Q# 0-1

[Event "ch-FRA Blitz Online Qual"]
[Site "Europe-Chess INT"]
[Date "2020.05.16"]
[Round "12"]
[White "Rigaud-Retourne, Mael"]
[Black "Stajkovski, Stefan"]
[Result "1/2-1/2"]
[WhiteElo "1103"]
[BlackElo "1428"]
[WhiteFideId "45167478"]
[BlackFideId "551053250"]
[EventDate "2020.05.16"]

1. e4 c5 2. Nf3 Nc6 3. d4 cxd4 4. Nxd4 e5 5. Nb3 Nf6 6. Nc3 Bb4 7. Bd3 d5 8.
exd5 Nxd5 9. Bd2 Bxc3 10. Bxc3 Nxc3 11. bxc3 O-O 12. O-O Be6 13. Rb1 f5 14. c4
Qe7 15. Re1 e4 16. Be2 Rad8 17. Qc1 Ne5 18. Qb2 Nxc4 19. Bxc4 Bxc4 20. Rbd1 Rde8
21. Qd4 Be6 22. Nc5 Bc8 23. Qb4 b6 24. Qc4+ Kh8 25. Nb3 f4 26. Nd2 e3 27. fxe3
fxe3 28. Nf3 Bg4 29. Rd3 Bxf3 30. Rdxe3 Qd7 31. gxf3 Rxe3 32. Rxe3 Qd1+ 33. Kg2
Qd2+ 34. Re2 Qg5+ 35. Kf2 Qf5 36. Re3 Qh3 37. Qf4 Rc8 38. Qc7 h6 39. Qxa7 Rxc2+
40. Ke1 Qxh2 41. Qa8+ Kh7 42. Qe4+ Kg8 43. Qe8+ Kh7 44. Qe4+ Kh8 45. Qe8+ Kh7
46. Qe4+ 1/2-1/2

[Event "ch-FRA Blitz Online Qual"]
[Site "Europe-Chess INT"]
[Date "2020.05.16"]
[Round "12"]
[White "Benlatreche, Farid"]
[Black "Negre, Emilie"]
[Result "1-0"]
[WhiteElo "1416"]
[BlackElo "1438"]
[WhiteFideId "551081474"]
[BlackFideId "45187223"]
[EventDate "2020.05.16"]

1. d4 Nf6 2. f4 e6 3. e3 d5 4. c3 b6 5. Nf3 a5 6. Bd3 Ba6 7. O-O Bxd3 8. Qxd3
Ne4 9. Nbd2 Nf6 10. e4 dxe4 11. Nxe4 Nbd7 12. Ng3 Be7 13. f5 exf5 14. Nxf5 O-O
15. Re1 Re8 16. Bg5 h6 17. Bxf6 Bxf6 18. Rxe8+ Qxe8 19. Re1 Qf8 20. Ne5 Nxe5 21.
dxe5 Re8 22. Qg3 Bg5 23. h4 Bd8 24. Nxh6+ Kh7 25. Nf5 g6 26. Nd4 1-0

[Event "ch-FRA Blitz Online Qual"]
[Site "Europe-Chess INT"]
[Date "2020.05.16"]
[Round "12"]
[White "Migus, Ethan"]
[Black "Toussaint, Florent"]
[Result "1-0"]
[WhiteElo "1084"]
[BlackElo "1391"]
[WhiteFideId "551047594"]
[BlackFideId "36088730"]
[EventDate "2020.05.16"]

1. e4 e5 2. Nf3 Nc6 3. Bc4 Nf6 4. Nc3 Bc5 5. d3 d6 6. h3 Be6 7. Bxe6 fxe6 8. Bg5
O-O 9. Qd2 h6 10. Bh4 Qd7 11. Bxf6 Rxf6 12. O-O-O d5 13. exd5 exd5 14. Rhe1 Re6
15. Re2 Rd8 16. Rde1 Qe8 17. Na4 Bb4 18. c3 Ba5 19. Nc5 Re7 20. Nxb7 Rb8 21.
Nxa5 Nxa5 22. Rxe5 Qb5 23. Rxe7 c5 24. Rxa7 d4 25. c4 Nxc4 26. dxc4 Qxc4+ 27.
Qc2 Qd5 28. Ra4 d3 29. Qc4 Qxc4+ 30. Rxc4 Rd8 31. Rd1 1-0